00591nam a2200133Ia 4500008004100000100001500041245015200056245006300208260000900271650001300280856007200293999001900365952007300384170221s9999 xx 000 0 und d aZhiwei Lin aDoes High-Quality Financial Reporting Mitigate the Negative Impact of Global Financial Crises on Firm Performance? Evidence from the United Kingdom cZhiwei Lin, Yihong Jiang, Qingliang Tang, and Xiangjian He c2014 xBusiness uhttp://ro.uow.edu.au/cgi/viewcontent.cgi?article=1516&context=aabfj c309462d309462 001040aCLbCLd2017-02-21l0r2017-02-21 00:00:00w2017-02-21yFOJ